000 00719cab a2200229 4500
001 WB3509-28
008 090401t1999 xxu||||| |||| 00| 0 eng d
035 _a(Sirsi) u91680
041 _aeng
245 _aHalifax warns on Miras
260 _c1999
350 _a0
490 _aFinancial Times
_v2 March 1999, 8(1)
520 _aHalifax warns that housing market confidence would be hit if the government removed mortgage interest rate relief, or increased stamp duty in the budget next week.
650 _aHALIFAX BS
650 _aHOUSING FINANCE
650 _aMIRAS
650 _aSTAMP DUTY
690 _aPROPERTY-RESIDENTIAL PROPERTY-RESIDENTIAL PROPERTY MARKET
942 _n0
948 _c02/03/1999
999 _c58201
_d58201